• 首页
  • 本馆介绍
  • 公告通知
  • 最新文献
  • 馆藏检索
  • 电子资源
  • 读者导购
  • 参考咨询
  • 我的图书馆
  • 登录
  • 详细信息显示
  • 放入我的书架
  • 预约/预借图书
  • 作者相关作品
  • 分类相关作品
  • 丛书相关作品
  • 出版社相关作品

书目信息

  • 表格格式
  • 工作单格式
  • 卡片格式
题名:
落架的凤凰
    
 
作者: 杨府 著
分册:  
出版信息: 北京   东方出版社  2007
页数: 292页
开本: 26cm
丛书名:
单 册:
中图分类: K827=2 , K828.5=2
科图分类:
主题词: 皇后--生平事迹--中国 , 公主--生平事迹--中国 , 皇后 , 皇妃--生平事迹--中国 , 公主 , 皇妃
电子资源:
ISBN: 978-7-5060-2717-5
000 00879nam0 2200289 450
001 010030000422
005 20070807085722.89
010    @a978-7-5060-2717-5@dCNY32.80@z7-5060-2717-8
100    @a20070517d2007 em y0chiy0110 ea
101 0  @achi
102    @aCN@b110000
105    @aa z 000yc
200 1  @a落架的凤凰@9luo jia de feng huang@e中国历代流落民间的皇后皇妃公主们@e图文典藏本@f杨府著
210    @a北京@c东方出版社@d2007
215    @a292页@d26cm
330    @a本书内容包括:远古跫音、情色毒药、卖身为奴、衲衣留后、李尹政权、婚姻筹码、不伦之恋等。
606 0  @a皇后@x生平事迹@y中国
606 0  @a公主@x生平事迹@y中国
606 0  @a皇后
606 0  @a皇妃@x生平事迹@y中国
606 0  @a公主
606 0  @a皇妃
690    @aK827=2@v4
690    @aK828.5=2@v4
701  0 @a杨府@9yang fu@4著
801  0 @aCN@bRENTIAN@c20070807
905    @a10447@dK827=2@e470
    
    落架的凤凰:中国历代流落民间的皇后皇妃公主们:图文典藏本/杨府著.-北京:东方出版社,2007
    292页;26cm
    
    
    ISBN 978-7-5060-2717-5:CNY32.80
    本书内容包括:远古跫音、情色毒药、卖身为奴、衲衣留后、李尹政权、婚姻筹码、不伦之恋等。
●
相关链接 在E读中查询图书 在五车中查询图书 在当当中查询图书 在豆瓣中查询图书


正题名:落架的凤凰     索取号:K827=2/470         预约/预借

序号 登录号 条形码 馆藏地/架位号 状态 备注
1 0802775   208027758   第二样本阅览室/ [索取号:K827=2/470] 在馆    
2 0802776   208027767   第二借阅区/ [索取号:K827=2/470] 在馆    
3 0802777   208027776   第二借阅区/ [索取号:K827=2/470] 在馆    
4 0802778   208027785   第二借阅区/ [索取号:K827=2/470] 在馆    
5 0802779   208027794   第二借阅区/ [索取号:K827=2/470] 在馆    
6 0802780   208027801   第二借阅区/ [索取号:K827=2/470] 在馆    
7 0802781   208027810   第二借阅区/ [索取号:K827=2/470] 在馆    
8 0802782   208027829   第二借阅区/ [索取号:K827=2/470] 在馆    
9 0802783   208027838   第二借阅区/ [索取号:K827=2/470] 在馆    
10 0802784   208027847   第二借阅区/ [索取号:K827=2/470] 在馆    
唐山师范学院图书馆 欢迎您!
大连网信软件有限公司© 版权所有